000 00324nam a22001457a 4500
008 210429b ||||| |||| 00| 0 eng d
020 _a2900071338836
041 _aeng
080 _25th
_a33
082 _a33
100 _a58
101 _aBIZ
245 _aBusiness a Changing World
_cGeoffrey A. Hirt
942 _2udc
_cBK
999 _c56946
_d56946